<?xml version="1.0" encoding="UTF-8"?><?xml-stylesheet type="text/xsl" href="static/style.xsl"?><OAI-PMH xmlns="http://www.openarchives.org/OAI/2.0/" xmlns:xsi="http://www.w3.org/2001/XMLSchema-instance" xsi:schemaLocation="http://www.openarchives.org/OAI/2.0/ http://www.openarchives.org/OAI/2.0/OAI-PMH.xsd"><responseDate>2026-04-17T04:13:14Z</responseDate><request verb="GetRecord" identifier="oai:www.recercat.cat:2117/430287" metadataPrefix="marc">https://recercat.cat/oai/request</request><GetRecord><record><header><identifier>oai:recercat.cat:2117/430287</identifier><datestamp>2025-07-22T22:49:43Z</datestamp><setSpec>com_2072_1033</setSpec><setSpec>col_2072_452951</setSpec></header><metadata><record xmlns="http://www.loc.gov/MARC21/slim" xmlns:dcterms="http://purl.org/dc/terms/" xmlns:xsi="http://www.w3.org/2001/XMLSchema-instance" xmlns:doc="http://www.lyncode.com/xoai" xsi:schemaLocation="http://www.loc.gov/MARC21/slim http://www.loc.gov/standards/marcxml/schema/MARC21slim.xsd">
   <leader>00925njm 22002777a 4500</leader>
   <datafield ind2=" " ind1=" " tag="042">
      <subfield code="a">dc</subfield>
   </datafield>
   <datafield ind2=" " ind1=" " tag="720">
      <subfield code="a">Compagni Aycart, Ignacio</subfield>
      <subfield code="e">author</subfield>
   </datafield>
   <datafield ind2=" " ind1=" " tag="260">
      <subfield code="c">2025-05-15</subfield>
   </datafield>
   <datafield ind2=" " ind1=" " tag="520">
      <subfield code="a">El Centre d'Innovació Docent se situa a Cerdanyola del Vallès, a la nova Avinguda del Vallès. Es tracta d’un equipament destinat a donar suport a escoles i institucions educatives en el desenvolupament de noves metodologies d’ensenyament, mitjançant l’ús de tecnologies com la realitat augmentada, la realitat virtual i la captura volumètrica. L’edifici es troba a cinc minuts en autobús del campus de la UAB, així com a cinc minuts a peu de l’estació de ferrocarril de Cerdanyola del Vallès.&#xd;
&#xd;
En el context de la crisi climàtica a què ens enfrontem, l’edifici recupera les antigues naus d’Uralita per crear un refugi climàtic mitjançant dues estratègies: maximitzar els guanys solars a l’hivern i reduir-los al màxim a l’estiu, sense renunciar a una ventilació eficaç.&#xd;
&#xd;
Ens trobem, per tant, davant d’un projecte que s’articula sobre tres eixos: l’experimentació tecnològica, l’adaptació al canvi climàtic i la intervenció sobre el patrimoni industrial.</subfield>
   </datafield>
   <datafield ind2=" " ind1=" " tag="520">
      <subfield code="a">El Centro de Innovación Docente se ubica en Cerdanyola del Vallès, en la nueva Avinguda del Vallès. Se trata de un equipamiento destinado a dar soporte a escuelas e instituciones educativas en el desarrollo de nuevas metodologías de enseñanza, mediante el uso de tecnologías como la realidad aumentada, la realidad virtual y la captura volumétrica. El edificio se encuentra a cinco minutos en autobús del campus de la UAB, así como a otros cinco minutos a pie desde la estación de ferrocarril de Cerdanyola del Vallés. &#xd;
&#xd;
En el contexto de la crisis climática a la que nos enfrentamos, el edificio recupera las antiguas naves de Uralita para crear un refugio climático a través de dos estrategias: Maximizar las ganancias solares en invierno y reducirlas al máximo en verano, sin renunciar a una ventilación eficaz. &#xd;
&#xd;
Encontramos por la tanto un proyecto que se articula sobre tres ejes: la experimentación tecnología, la adaptación al cambio climático y la intervención sobre el patrimonio industrial.</subfield>
   </datafield>
   <datafield ind2=" " ind1=" " tag="520">
      <subfield code="a">The Teaching Innovation Center is located in Cerdanyola del Vallès, along the new Avinguda del Vallès. It is a facility designed to support schools and educational institutions in the development of new teaching methodologies through the use of technologies such as augmented reality, virtual reality, and volumetric capture. The building is five minutes by bus from the UAB campus and another five minutes on foot from the Cerdanyola del Vallès railway station.&#xd;
&#xd;
In the context of the climate crisis we are facing, the project repurposes the former Uralita industrial buildings to create a climatic refuge through two key strategies: maximizing solar gain in winter and minimizing it in summer, without sacrificing effective ventilation.&#xd;
&#xd;
The project is thus built around three main pillars: technological experimentation, climate adaptation, and intervention on industrial heritage.</subfield>
   </datafield>
   <datafield tag="653" ind2=" " ind1=" ">
      <subfield code="a">Àrees temàtiques de la UPC::Arquitectura::Restauració arquitectònica</subfield>
   </datafield>
   <datafield tag="653" ind2=" " ind1=" ">
      <subfield code="a">Àrees temàtiques de la UPC::Arquitectura::Tipologies d'edificis</subfield>
   </datafield>
   <datafield tag="653" ind2=" " ind1=" ">
      <subfield code="a">College buildings -- Spain -- Cerdanyola</subfield>
   </datafield>
   <datafield tag="653" ind2=" " ind1=" ">
      <subfield code="a">Factories -- Remodeling for other us -- Spain -- Cerdanyola</subfield>
   </datafield>
   <datafield tag="653" ind2=" " ind1=" ">
      <subfield code="a">Centro de innovación</subfield>
   </datafield>
   <datafield tag="653" ind2=" " ind1=" ">
      <subfield code="a">Avinguda del Vallés</subfield>
   </datafield>
   <datafield tag="653" ind2=" " ind1=" ">
      <subfield code="a">Espacio aumentado</subfield>
   </datafield>
   <datafield tag="653" ind2=" " ind1=" ">
      <subfield code="a">Refugio climático</subfield>
   </datafield>
   <datafield tag="653" ind2=" " ind1=" ">
      <subfield code="a">Edificis universitaris -- Catalunya -- Cerdanyola del Vallès</subfield>
   </datafield>
   <datafield tag="653" ind2=" " ind1=" ">
      <subfield code="a">Fàbriques -- Reconversió -- Catalunya -- Cerdanyola del Vallès</subfield>
   </datafield>
   <datafield ind2="0" ind1="0" tag="245">
      <subfield code="a">De la ficción a la realidad: centro de innovación docente en la antigua nave de Uralita</subfield>
   </datafield>
</record></metadata></record></GetRecord></OAI-PMH>